[Event "icn3g3r3,CEI Toulouse-Beziers"]
[Site "?"]
[Date "2003.11.16"]
[Round "?"]
[White "Khalil, Vincent"]
[Black "Nowocien, A."]
[Result "0-1"]
[WhiteElo "2130"]
[BlackElo "2000"]
[EventDate "2003.??.??"]
[PlyCount "54"]

1.e4 c5 2.Nf3 Nc6 3.d4 cxd4 4.Nxd4 Nf6 5.Nc3 e5 6.Ndb5 d6 7.Bg5 a6 8.Na3 
b5 9.Nd5 Be7 10.Bxf6 Bxf6 11.c3 O-O 12.Nc2 Bg5 13.a4 bxa4 14.Rxa4 a5 15.
Bb5 Bb7 16.Qd3 Kh8 17.O-O g6 18.Nce3 Ne7 19.Nxe7 Bxe7 20.Kh1 Qb6 21.f4 
exf4 22.Rxf4 Bg5 23.Rf3 Bxe3 24.Rxe3 f5 25.exf5 $2 
    ( 25.Qd4+ $5 Qxd4 26.Rxd4 $17 )
25...Rxf5 26.Bd7 $4 Qxb2 27.Qd4+ Re5 0-1

[Event "icn3g3r3,CEI Toulouse-Beziers"]
[Site "?"]
[Date "2003.11.16"]
[Round "?"]
[White "Jules, Matthieu"]
[Black "Hutin, Christophe"]
[Result "0-1"]
[WhiteElo "2035"]
[BlackElo "2102"]
[EventDate "2003.??.??"]
[PlyCount "145"]

1.e4 d5 2.exd5 Nf6 3.d4 Bg4 4.Nf3 Nxd5 5.c4 Nb6 6.Nc3 e6 7.Be3 Be7 8.Be2 
Nc6 9.O-O O-O 10.b3 Qd7 11.Ne5 Nxe5 12.dxe5 Bxe2 13.Qxe2 Qc6 14.Rad1 Bb4 
15.Nb5 a6 16.Nd4 Qe4 17.f4 Rad8 18.Qf3 Qxf3 19.Nxf3 Nd7 20.Nd4 g6 21.Nc2 
Be7 22.Rd2 Nc5 23.Rfd1 Rxd2 24.Rxd2 Rb8 25.Bxc5 Bxc5+ 26.Kf1 Kf8 27.b4 Be7
28.a3 Ke8 29.c5 a5 30.Nd4 axb4 31.axb4 Ra8 32.Nb5 Bd8 33.Ke2 Ra4 34.Rb2 
Kd7 35.Nc3 Ra3 36.Ne4 h6 37.b5 Be7 38.c6+ bxc6 39.Rd2+ Ke8 40.bxc6 Ra6 41.
Rc2 Kf8 42.Nd6 Bd8 43.Nb7 Be7 44.Nd6 {(=)} 44...h5 45.Nb5 Bd8 46.Kf3 Rb6 
47.Nd4 Be7 48.g3 Rb1 49.h3 h4 50.g4 Rh1 51.Kg2 Rb1 52.Nf3 Rb4 53.Rd2 Rc4 
54.Nd4 Bc5 55.Nf3 Rxf4 56.Rd8+ Kg7 57.Rd7 Bb6 58.Nxh4 Rf2+ 59.Kg3 Rc2 60.
Nf3 Bf2+ 61.Kf4 Rc4+ 62.Kg5 Be3+ 63.Kh4 Rxc6 64.Nd4 Rb6 65.Kg3 c5 66.Nf3 
Rc6 67.Rd3 Bc1 68.Rc3 Bb2 69.Rc2 Ba3 70.Nd4 Rb6 71.Ra2 Bb2 72.Nf3 Rb3 73.
Kf4 0-1

[Event "icn3g3r3,CEI Toulouse-Beziers"]
[Site "?"]
[Date "2003.11.16"]
[Round "?"]
[White "Hasbi, Nabil"]
[Black "Bouhana, PA."]
[Result "1-0"]
[WhiteElo "2000"]
[BlackElo "1990"]
[EventDate "2003.??.??"]
[PlyCount "67"]

1.e4 e5 2.Nf3 Nc6 3.Bc4 Nf6 4.d3 Be7 5.O-O d6 6.c3 O-O 7.Bb3 Nd7 8.d4 exd4
9.cxd4 Kh8 $6 
    ( 9...Nb6 $11 )
10.Nc3 f5 11.exf5 Rxf5 12.Bc2 Rf7 13.Nd5 Nb6 $2 14.Nxe7 Qxe7 15.Ng5 Rf6 
16.Nxh7 Rh6 17.Bxh6 gxh6 18.Qh5 Nxd4 19.Qxh6 Qg7 20.Qxg7+ Kxg7 21.Bd3 Na4 
22.b3 Nc5 23.Bb1 Nce6 24.h4 b6 25.Ng5 $4 Nf4 $2 
    ( 25...Nxg5 $1 26.f4 
        ( 26.hxg5 $4 Ne2+ 27.Kh2 Bg4 28.g3 Bf3 29.Bf5 Rh8+ 30.Bh3 Bg4 31.
        Kg2 Bxh3+ 32.Kf3 Nd4+ $19 )
    26...Nf7 27.Be4 c6 28.Rad1 Ne2+ 29.Kh2 d5 30.Bd3 Nc3 $15 )
26.Kh2 Bb7 27.g3 Ng6 28.Bxg6 Kxg6 29.Rae1 Rf8 30.f4 Nf5 31.Re6+ Kg7 32.
Rfe1 Bc8 33.Re8 Nd4 34.R1e7+ 1-0

[Event "icn3g3r3,CEI Toulouse-Beziers"]
[Site "?"]
[Date "2003.11.16"]
[Round "?"]
[White "Capone, Antonio"]
[Black "Jourfier, L."]
[Result "1-0"]
[WhiteElo "1699"]
[BlackElo "1499"]
[EventDate "2003.??.??"]
[PlyCount "75"]

1.d4 d5 2.c4 c6 3.cxd5 cxd5 4.Nc3 Nc6 5.Nf3 Nf6 6.Bf4 a6 7.e3 Bf5 8.Bd3 
Bxd3 9.Qxd3 e6 10.O-O Bd6 11.Bxd6 Qxd6 12.Rac1 O-O 13.Na4 Rac8 14.Nc5 Rc7 
15.a3 Nd7 16.b4 Nxc5 17.dxc5 Qe7 18.Rfd1 Rd8 19.Qb3 f6 20.h3 Rcd7 21.a4 
Kf8 
    ( 21...Qf7 $11 )
22.b5 axb5 23.axb5 Na7 24.Qa4 Nc8 25.Nd4 Qf7 26.Qb4 Kg8 27.c6 bxc6 28.bxc6
Ra7 29.Nb5 Ra6 30.c7 Rd7 31.Qc5 Qe7 32.Qxe7 Rxe7 33.Ra1 Rb6 34.Ra8 Re8 35.
Na7 Ra6 $4 
    ( 35...Rb7 $5 $18 )
36.Rxc8 Rxc8 37.Nxc8 Ra8 38.Ne7+ 1-0

[Event "icn3g3r3,CEI Toulouse-Beziers"]
[Site "?"]
[Date "2003.11.16"]
[Round "?"]
[White "Bouhana, M."]
[Black "Basty, Bernard"]
[Result "0-1"]
[WhiteElo "1890"]
[BlackElo "1850"]
[EventDate "2003.??.??"]
[PlyCount "86"]

1.c4 e6 2.g3 Nf6 3.Bg2 d5 4.d3 c6 5.cxd5 exd5 6.Nf3 Bd6 7.O-O O-O 8.a3 
Nbd7 9.Nc3 Re8 10.Bd2 Nf8 11.b4 Bd7 12.h3 Rc8 13.Rb1 Ng6 14.Kh2 Qc7 15.Bg5
Nh5 16.Kg1 h6 17.Be3 $2 
    ( 17.Bc1 $14 )
17...Nxg3 18.fxg3 Rxe3 19.Rc1 Qb8 20.g4 Rce8 21.Rc2 Qd8 22.Qe1 Qb8 23.Qd1 
Nf4 24.Rf2 Qd8 25.Qd2 Nxg2 26.Rxg2 Bf4 27.Qd1 a5 28.b5 Qb6 29.Kh1 d4 30.
Ne4 cxb5 31.Qf1 Bc6 32.Nfd2 $2 Rxh3+ 33.Kg1 Be3+ 34.Rf2 Rh4 35.Qg2 Qc7 36.
Nf3 Bxf2+ 37.Kxf2 Qf4 38.Qg3 Rxg4 39.Qxf4 Rxf4 40.Kg3 g5 41.Nfd2 Kg7 42.
Kh3 f5 43.Ng3 $4 Rh4# 0-1

[Event "icn3g3r3,CEI Toulouse-Beziers"]
[Site "?"]
[Date "2003.11.16"]
[Round "?"]
[White "Benmesbah, Natacha"]
[Black "Von Fluee, E."]
[Result "1-0"]
[WhiteElo "2030"]
[BlackElo "1940"]
[EventDate "2003.??.??"]
[PlyCount "85"]

1.e4 c5 2.Nc3 Nc6 3.f4 g6 4.Nf3 Bg7 5.Bc4 e6 6.e5 d5 7.exd6 Qxd6 8.Ne4 Qe7
9.O-O Nf6 10.d3 O-O 11.a3 b6 12.Qe1 Bb7 13.Ng3 Rad8 14.Ne5 Nxe5 15.fxe5 
Ng4 16.Bf4 g5 17.Bc1 Bxe5 18.Qe2 Bd4+ 19.Kh1 Ne5 20.c3 Nxc4 21.cxd4 Na5 
22.dxc5 Qxc5 $4 
    ( 22...Nb3 23.Rb1 Nxc5 $17 )
23.b4 Qc3 24.Bxg5 Qxd3 25.Bxd8 Qxe2 26.Nxe2 Rxd8 27.bxa5 Rd2 28.Rfe1 b5 
29.a4 Bc6 30.axb5 Bxb5 31.Nc3 Bc6 32.Re2 Rd4 33.Kg1 Kf8 34.Rb2 Ke7 35.a6 
f6 36.Nb5 Rd7 37.Rc1 Ba8 38.Rc7 Kd8 39.Rxd7+ Kxd7 40.Rc2 Be4 41.Rc7+ Kd8 
42.Rxa7 Bd3 43.Rb7 1-0

[Event "RI"]
[Site "?"]
[Date "2003.11.16"]
[Round "2"]
[White "Lacroix, Romain"]
[Black "Gilabert"]
[Result "1/2-1/2"]
[WhiteElo "2030"]
[BlackElo "1640"]
[EventDate "2003.??.??"]
[Annotator "LACROIX,Romain"]
[PlyCount "103"]

1.e4 c6 2.d4 d5 3.exd5 cxd5 4.c4 Bf5 $6 5.Nc3 $2 
    ( 5.Qb3 )
    ( 5.cxd5 )
5...e6 6.c5 
    ( 6.cxd5 exd5 7.Qb3 Nc6 8.Nf3 Bb4 9.Bb5 $14 )
6...Nf6 7.Bf4 Be7 8.Nf3 $2 
    ( 8.Nb5 Qa5+ $4 
        ( 8...Na6 9.Nd6+ Bxd6 10.Qa4+ Kf8 11.Bxd6+ $16 )
    9.b4 $1 $18 )
8...a6 9.Qb3 Qc8 10.Na4 
    ( 10.Be2 $14 )
10...Nfd7 11.Bd3 Bxd3 12.Qxd3 O-O 13.O-O $14 Nc6 14.a3 Qd8 15.b4 b5 16.
cxb6 Nxb6 17.Nc5 Bxc5 18.dxc5 
    ( 18.bxc5 Nc4 19.Rfe1 h6 20.Rab1 $14 )
18...Nc4 19.Ng5 g6 20.Qh3 
    ( 20.Ne4 $1 e5 21.Bh6 Re8 22.Qxd5 $3 $16 )
20...h5 21.Rfb1 $2 Qf6 $15 22.Bc1 N6e5 23.f4 Ng4 24.Qd3 Rfd8 25.h3 Nh6 $11
26.Kh2 
    ( 26.Bd2 $11 )
26...e5 27.fxe5 Qxe5+ 28.Qg3 Qxg3+ 29.Kxg3 Nf5+ 30.Kh2 d4 $15 31.Nf3 
    ( 31.Ne4 d3 )
31...d3 32.Nd2 Nce3 33.Bb2 Nc2 34.Ra2 Re8 35.Nc4 Re2 36.Bc3 Rae8 $4 
    ( 36...Nh4 37.Kg3 g5 $19 )
37.Rd1 Nh4 38.Rxd3 $2 
    ( 38.Kh1 $17 )
38...Nxg2 $2 
    ( 38...Rxg2+ 39.Kh1 Nxb4 $1 40.axb4 Rxa2 $19 )
39.Kg1 $11 Nf4 40.Rf3 Nd5 $2 
    ( 40...Ne1 $17 )
41.Rf2 Nxc3 $6 42.Rxc2 $16 Re1+ 43.Rf1 
    ( 43.Kg2 )
43...Rxf1+ 44.Kxf1 Nb5 45.Re2 
    ( 45.a4 )
    ( 45.Nd6 $3 {vu dans la partie... vu dans la partie...} 45...Rb8 
        ( 45...Nxa3 46.Ra2 Re3 47.c6 Rc3 {0} 48.Rxa3 Rxc6 49.Ne4 Rc4 50.
        Nf6+ Kg7 51.Nd5 Rd4 52.Ra5 g5 53.Ne3 Rxb4 54.Rxg5+ Kh6 55.Ra5 Rb1+
        56.Kf2 Rb6 57.Nd5 Rc6 58.h4 Kg7 59.Ke3 Re6+ 60.Kf4 f6 61.Rc5 Kg6 
        62.Rc7 Re1 63.Ne7+ Kf7 64.Nf5+ Ke8 65.Ng3 Re5 66.Rh7 Re7 67.Rxh5 
        Kf7 68.Ra5 Re6 69.Kf5 Rd6 70.Ne4 Rd1 71.Kf4 Rf1+ 72.Kg4 Rg1+ 73.
        Ng3 Rb1 74.Rxa6 Rb4+ 75.Kh5 Rb5+ 76.Kh6 Rd5 77.h5 )
    46.Nxb5 axb5 47.c6 Rc8 48.a4 $3 bxa4 49.b5 a3 50.b6 a2 51.Rxa2 Rxc6 
    52.b7 Rb6 53.Ra8+ Kg7 54.b8=Q )
45...Rxe2 46.Kxe2 $16 Kf8 47.a4 Nc7 48.Kd3 Ke7 49.Nb6 $2 
    ( 49.Nd6 f5 50.h4 Ne6 51.Kc4 f4 52.b5 axb5+ 53.axb5 f3 54.Ne4 Kd7 55.
    Kd3 f2 56.c6+ Kc7 57.Nxf2 g5 58.hxg5 Nxg5 59.Kd4 Kb6 60.Kd5 h4 61.Kd6 
    Nf7+ 62.Ke6 Nd8+ 63.Kd7 Nb7 64.Nd3 h3 65.c7 h2 66.c8=Q h1=Q 67.Qc6+ 
    Qxc6+ 68.bxc6 Nc5+ 69.Nxc5 $18 )
49...f5 50.Kc4 Ke6 51.Kd4 g5 52.Ke3 1/2-1/2

[Event "R2S1 Muret 4 - Loures-Barousse 2"]
[Site "?"]
[Date "2003.11.16"]
[Round "1.4"]
[White "Cordier, Quentin"]
[Black "Durou, Guillaume"]
[Result "1-0"]
[WhiteElo "1170"]
[BlackElo "1199"]
[EventDate "2003.??.??"]
[PlyCount "37"]
[WhiteTeam "Echiquier Commingeois"]
[BlackTeam "Muret"]

1.f4 Nf6 2.Nf3 b6 3.b3 Bb7 4.Bb2 g6 5.d3 Bg7 6.e4 d6 7.Be2 Nc6 8.Nbd2 O-O 
9.O-O a5 10.a4 Re8 11.f5 gxf5 12.exf5 Qc8 13.Ng5 e6 14.Bh5 Re7 15.fxe6 
fxe6 16.Bxf6 Rf7 17.Nxf7 Qf8 18.Bxg7 Kxg7 19.Qg4# 1-0

[Event "R2S1 Muret 4 - Loures-Barousse 2"]
[Site "?"]
[Date "2003.11.16"]
[Round "1.3"]
[White "Durrieu, Etiennette"]
[Black "Gosselin, Vincent"]
[Result "1-0"]
[WhiteElo "1100"]
[BlackElo "1270"]
[EventDate "2003.??.??"]
[PlyCount "71"]
[WhiteTeam "Muret"]
[BlackTeam "Echiquier Commingeois"]

1.e4 e5 2.Nf3 Nc6 3.Bc4 d6 4.h3 Nf6 5.d3 g6 6.Ng5 d5 7.exd5 Nxd5 8.Qf3 Be6
9.Nxe6 fxe6 10.Bxd5 exd5 11.c3 Qe7 12.O-O O-O-O 13.Qg4+ Kb8 14.Bg5 Qd6 15.
Bxd8 Qxd8 16.Re1 Bc5 17.Nd2 Rf8 18.Rf1 Rf4 19.Qe2 Qf6 20.g3 Qg5 21.Nf3 
Rxf3 22.Qxf3 b6 23.Qxd5 Kb7 24.Qf3 Qd2 25.Rab1 Qg5 26.b4 Bd6 27.b5 Kb8 28.
bxc6 h5 29.Qf7 Qd8 30.Qxg6 a5 31.Qf7 Ka7 32.Qd7 Qg8 33.Qf5 Qd5 34.Qd7 Qg8 
35.Qf5 Qxa2 36.Qc8 1-0

[Event "R2S1 Muret 4 - Loures-Barousse 2"]
[Site "?"]
[Date "2003.11.16"]
[Round "1.2"]
[White "Latorre, René"]
[Black "Rouquet, Remi"]
[Result "0-1"]
[WhiteElo "1499"]
[BlackElo "1240"]
[EventDate "2003.??.??"]
[PlyCount "74"]
[WhiteTeam "Echiquier Commingeois"]
[BlackTeam "Muret"]

1.e4 e5 2.Nf3 Nc6 3.Bc4 Nf6 4.d3 Bc5 5.O-O O-O 6.Bg5 h6 7.Bh4 d6 8.Nbd2 
Bg4 9.h3 Bh5 10.c3 Qd7 11.b4 Bb6 12.Bxf6 gxf6 13.Qc1 Bxf3 14.Nxf3 Kh7 15.
Nh4 Ne7 16.Kh1 f5 17.Nf3 Rg8 18.Bxf7 Rg7 19.Bh5 d5 20.Nxe5 Qd6 21.Nf7 Qe6 
22.Qf4 dxe4 23.Rae1 Qxa2 24.dxe4 Qc2 25.exf5 Nxf5 26.Bg4 Rxf7 27.Re7 Kg6 
28.Rxf7 Kxf7 29.Bxf5 Qxc3 30.Be4+ Qf6 31.Qg3 c6 32.Rd1 Re8 33.f3 Re7 34.
Qg4 Bc7 35.Qh5+ Kg7 36.Qg4+ Kf7 37.Rd7 Qa1+ 0-1

[Event "R2S1 Muret 4 - Loures-Barousse 2"]
[Site "?"]
[Date "2003.11.16"]
[Round "1.1"]
[White "Le Digabel, Patrick"]
[Black "David, Philippe"]
[Result "0-1"]
[WhiteElo "1490"]
[BlackElo "1499"]
[EventDate "2003.??.??"]
[PlyCount "91"]
[WhiteTeam "Muret"]
[BlackTeam "Echiquier Commingeois"]

1.e4 d5 2.exd5 Nf6 3.d4 Nxd5 4.Bc4 Bf5 5.Qf3 e6 6.c3 Be7 7.Ne2 O-O 8.Ng3 
Bg6 9.O-O c6 10.a4 Bd6 11.Nd2 f5 12.Re1 f4 13.Nh5 Rf5 14.Rxe6 Bxh5 15.Qe4 
Bg6 16.Qf3 Kh8 17.Bd3 Rf6 18.Re2 Bxd3 19.Qxd3 f3 20.Nxf3 Bf4 21.Ng5 g6 22.
Qe4 Nd7 23.c4 Bxc1 24.Rxc1 Rf4 25.Qe6 Qxg5 26.Qxd7 Rf7 27.Re8+ Rxe8 28.
Qxe8+ Kg7 29.Re1 Re7 30.Rxe7+ Nxe7 31.g3 Qf6 32.Qd7 Qf7 33.Qxb7 a5 34.Qa7 
Kf6 35.Qxa5 Qxc4 36.Qe5+ Kf7 37.a5 Qc1+ 38.Kg2 Qxb2 39.Qf4+ Ke6 40.Qg4+ 
Kd6 41.Qf4+ Kd7 42.Qe5 Qb5 43.Qe1 Qd5+ 44.Kg1 Qxd4 45.Qb1 Kc7 46.Qb4 0-1

[Event "R2S1 Colomiers 3 - Luchon 2"]
[Site "?"]
[Date "2003.11.16"]
[Round "1.3"]
[White "Decorchemont, Julien"]
[Black "Escole, Pierre-Jean"]
[Result "1-0"]
[WhiteElo "1199"]
[BlackElo "1270"]
[EventDate "2003.??.??"]
[PlyCount "41"]
[WhiteTeam "Colomiers 3"]
[BlackTeam "Luchon 2"]

1.c4 e5 2.Nc3 Nf6 3.g3 Bb4 4.Bg2 d6 5.Qa4+ Nc6 6.Bxc6+ bxc6 7.Qxb4 c5 8.
Qa4+ Bd7 9.Qc2 O-O 10.Nf3 Re8 11.O-O e4 12.Nh4 Bc6 13.b3 Qd7 14.Bb2 Qh3 
15.f3 Ng4 16.fxg4 e3 17.Nd5 exd2 18.Qxd2 Rac8 19.Qg5 g6 20.Qf6 Kf8 21.Qh8#
1-0

[Event "?"]
[Site "?"]
[Date "2003.11.16"]
[Round "?"]
[White "Besset, Thierry"]
[Black "Omayon, Jérome"]
[Result "0-1"]
[WhiteElo "1760"]
[BlackElo "1720"]
[EventDate "2003.??.??"]
[PlyCount "67"]

1.e4 c5 2.b4 cxb4 3.a3 e6 4.axb4 Bxb4 5.c3 Ba5 6.d4 Nc6 7.e5 Nge7 8.Qg4 
O-O 9.Nf3 d6 10.exd6 Qxd6 11.Ba3 Qc7 12.Bd3 f5 13.Qg3 Qxg3 14.hxg3 b6 15.
Kf1 Rd8 16.g4 h6 17.gxf5 exf5 18.Ra2 Nd5 19.Bc4 Be6 20.Re2 Bf7 21.Rh3 Nf4 
22.Bxf7+ Kxf7 23.Ne5+ Nxe5 24.Rxe5 Nxh3 25.gxh3 g6 26.Re7+ Kg8 27.Re6 Kh7 
28.Re7+ Kh8 29.Bb2 Re8 30.Rd7 g5 31.Nd2 Rac8 32.Rxa7 Bxc3 33.Bxc3 Rxc3 34.
Nf3 0-1

[Event "R2S1 Colomiers 3 - Luchon 2"]
[Site "?"]
[Date "2003.11.16"]
[Round "1.2"]
[White "Saint Martin, Olivier"]
[Black "Despouy, Arnaud"]
[Result "0-1"]
[WhiteElo "1350"]
[BlackElo "1299"]
[EventDate "2003.??.??"]
[PlyCount "124"]
[WhiteTeam "Luchon 2"]
[BlackTeam "Colomiers 3"]

1.e4 e6 2.Nf3 d5 3.Nc3 Nf6 4.d4 Bb4 5.e5 Bxc3+ 6.bxc3 Ne4 7.Ng5 Nxc3 8.Qf3
O-O 9.Qxc3 a6 10.Qd3 g6 11.Qh3 h5 12.Be2 f6 13.exf6 Qxf6 14.O-O e5 15.Bxh5
Bxh3 16.Nxh3 gxh5 17.Bg5 Qc6 18.Rae1 Nd7 19.dxe5 Rae8 20.Bf4 Nc5 21.Bh6 
Qxh6 22.Re2 Ne4 23.f3 Nd2 24.Rd1 Nxf3+ 25.gxf3 Qg6+ 26.Rg2 Qxg2+ 27.Kxg2 
Rxe5 28.f4 Re2+ 29.Kf3 Rxh2 30.Ng5 Rxc2 31.Rxd5 Rc3+ 32.Ke4 h4 33.Rd7 h3 
34.f5 Rg3 35.Kf4 Rxg5 36.Kxg5 h2 37.Rd1 Kg7 38.Rh1 Rh8 39.f6+ Kf7 40.Rf1 
h1=Q 41.Rxh1 Rxh1 42.a4 Rf1 43.a5 Rxf6 44.Kg4 Kg6 45.Kg3 Rc6 46.Kf3 Rc4 
47.Ke3 Kf5 48.Kd3 Rh4 49.Ke3 c5 50.Kd3 Ke5 51.Kc3 c4 52.Kb4 Kd4 53.Ka4 Rh1
54.Kb4 c3 55.Kb3 Kd3 56.Kb4 c2 57.Kc5 c1=Q+ 58.Kb6 Qc3 59.Ka7 Qc5+ 60.Kxb7
Qb5+ 61.Ka7 Rh7+ 62.Ka8 Qb7# 0-1

[Event "R2S1 Colomiers 3 - Luchon 2"]
[Site "?"]
[Date "2003.11.16"]
[Round "1.1"]
[White "Lestringant, Guillaume"]
[Black "Gales, Jacques"]
[Result "0-1"]
[WhiteElo "1199"]
[BlackElo "1350"]
[EventDate "2003.??.??"]
[PlyCount "114"]
[WhiteTeam "Colomiers 3"]
[BlackTeam "Luchon 2"]

1.e4 e6 2.d4 d5 3.e5 c5 4.dxc5 Bxc5 5.Bb5+ Bd7 6.Bxd7+ Nxd7 7.Nf3 h6 8.O-O
Qb6 9.Nc3 Qc6 10.h3 O-O-O 11.Be3 d4 12.Bxd4 Nb6 13.Qe1 Bxd4 14.Nxd4 Rxd4 
15.Rd1 Rxd1 16.Qxd1 Ne7 17.Qd2 Rd8 18.Qe2 a6 19.Qg4 Nf5 20.Ne2 Qc5 21.Nf4 
Qxc2 22.Ne2 Qxb2 23.Rc1+ Kb8 24.Rc5 Rd5 25.Rxd5 Nxd5 26.Qc4 Qxe5 27.Nc1 
Qe1+ 28.Qf1 Qxf1+ 29.Kxf1 Nh4 30.g3 Nf3 31.Ke2 Ng1+ 32.Kf1 Nxh3 33.Nd3 f5 
34.f4 Ne3+ 35.Ke2 Nd5 36.Kf3 g5 37.fxg5 Nxg5+ 38.Kg2 b5 39.Kh2 b4 40.Kg2 
a5 41.Kf2 Ne4+ 42.Kg2 Nec3 43.Nc1 a4 44.Kf2 Kc7 45.Kf3 Kc6 46.Kg2 e5 47.
Kf2 e4 48.Kg2 e3 49.Kf1 e2+ 50.Kf2 Kc5 51.Nd3+ Kc4 52.Nb2+ Kd4 53.Kf3 e1=Q
54.g4 Qe2+ 55.Kg3 Qxg4+ 56.Kh2 Nf4 57.Nxa4 Qg2# 0-1

[Event "R2S1 Auch Astarac - Villeneuve-Tolosane"]
[Site "?"]
[Date "2003.11.16"]
[Round "1.4"]
[White "Martellosio, Jean-Pierre"]
[Black "Van Poucke, Gaël"]
[Result "1-0"]
[WhiteElo "1199"]
[BlackElo "1199"]
[EventDate "2003.??.??"]
[PlyCount "65"]
[WhiteTeam "Villeneuve-Tolosane 2"]
[BlackTeam "Auch"]

1.e4 d6 2.Nc3 Nc6 3.d3 e6 4.Nf3 Nf6 5.g3 Bd7 6.Bg2 Nb4 7.a3 Nc6 8.O-O Be7 
9.Be3 O-O 10.Qd2 Na5 11.b4 Nb3 12.cxb3 e5 13.d4 exd4 14.Bxd4 Ng4 15.h3 Ne5
16.Nxe5 dxe5 17.Bxe5 Bb5 18.Qxd8 Bxd8 19.Rfd1 Ba6 20.b5 Bxb5 21.Nxb5 c6 
22.Nc7 Rc8 23.Rd7 Re8 24.Nxe8 Bb6 25.Nxg7 c5 26.Nf5 Rc6 27.Ne7+ Kf8 28.
Nxc6 Ke8 29.Nb8 Kf8 30.Bf6 a5 31.Rad1 a4 32.Rd8+ Bxd8 33.Rxd8# 1-0

[Event "R2S1 Auch Astarac - Villeneuve-Tolosane"]
[Site "?"]
[Date "2003.11.16"]
[Round "1.3"]
[White "Mercier, Luc"]
[Black "Mages, Gaëtan"]
[Result "0-1"]
[WhiteElo "1110"]
[BlackElo "1099"]
[EventDate "2003.??.??"]
[PlyCount "22"]
[WhiteTeam "Auch"]
[BlackTeam "Villeneuve-Tolosane 2"]

1.e4 e5 2.Nf3 Nf6 3.Nc3 Bc5 4.Nxe5 Qe7 5.d4 d6 6.Bf4 Bb4 7.Bc4 O-O 8.Bxf7+
Rxf7 9.Nxf7 Qxf7 10.e5 Ne4 11.Bd2 Qxf2# 0-1

[Event "R2S1 Auch Astarac - Villeneuve-Tolosane"]
[Site "?"]
[Date "2003.11.16"]
[Round "1.2"]
[White "Raboul, François"]
[Black "Chaudot, Maxime"]
[Result "1/2-1/2"]
[WhiteElo "1199"]
[BlackElo "1099"]
[EventDate "2003.??.??"]
[PlyCount "117"]
[WhiteTeam "Villeneuve-Tolosane 2"]
[BlackTeam "Auch"]

1.e4 e5 2.Nf3 Nf6 3.Nc3 Bc5 4.Bc4 Nc6 5.d3 d6 6.O-O Bg4 7.Bg5 Bxf3 8.Qxf3 
O-O 9.Bxf6 gxf6 10.Nd5 Kg7 11.Qf5 Nd4 12.Qg4+ Kh8 13.c3 c6 14.cxd4 Bxd4 
15.Nc3 b5 16.Bb3 b4 17.Nd1 Rg8 18.Qh5 Rg5 19.Qxf7 Rg7 20.Qe6 Qf8 21.Rc1 
Re8 22.Qf5 Rg5 23.Qd7 Rc8 24.Rxc6 Rxc6 25.Qxc6 Qh6 26.Qd5 Qg7 27.g3 h5 28.
Qa8+ Kh7 29.Qe8 h4 30.Ne3 Bxe3 31.Qf7 Bxf2+ 32.Rxf2 hxg3 33.Qxg7+ Kxg7 34.
hxg3 Rxg3+ 35.Kf1 Kg6 36.Rg2 Rxg2 37.Kxg2 f5 38.exf5+ Kxf5 39.Kf2 a5 40.
Ke3 a4 41.Bxa4 d5 42.a3 bxa3 43.bxa3 d4+ 44.Kf3 e4+ 45.dxe4+ Ke5 46.Bb5 
Kd6 47.Kf4 Kc5 48.a4 Kb4 49.e5 d3 50.Bxd3 Kxa4 51.e6 Kb4 52.e7 Kc3 53.Bf1 
Kd4 54.e8=Q Kd5 55.Qe5+ Kc6 56.Qd4 Kc7 57.Qd5 Kb6 58.Qc4 Ka5 59.Qb3 
1/2-1/2

[Event "R2S1 Auch Astarac - Villeneuve-Tolosane"]
[Site "?"]
[Date "2003.11.16"]
[Round "1.1"]
[White "Castera, Sylvain"]
[Black "Hernandez, Jérémy"]
[Result "0-1"]
[WhiteElo "1230"]
[BlackElo "1290"]
[EventDate "2003.??.??"]
[PlyCount "112"]
[WhiteTeam "Auch"]
[BlackTeam "Villeneuve-Tolosane 2"]

1.e4 e5 2.Nf3 Nc6 3.Nc3 Nf6 4.Bb5 g6 5.d3 Bg7 6.Bxc6 dxc6 7.O-O O-O 8.Be3 
Qd6 9.a3 b5 10.b4 Ng4 11.Qd2 Rd8 12.Bc5 Qf6 13.h3 Nh6 14.Qe3 Rd4 15.Ng5 a5
16.f3 Qd8 17.Qf2 Qxg5 18.Bxd4 exd4 19.Nd1 axb4 20.f4 Qe7 21.a4 bxa4 22.e5 
Nf5 23.g4 Ne3 24.Nxe3 dxe3 25.Qxe3 Bf8 26.Rfc1 Qc5 27.d4 Qc3 28.Qxc3 bxc3 
29.Rcb1 Be6 30.Rb7 Bh6 31.g5 Bf8 32.Rxc7 Ra6 33.Rb7 c5 34.Kf2 cxd4 35.Ke2 
Bc4+ 36.Ke1 Bd5 37.Rb5 Bg2 38.h4 Be4 39.Kd1 d3 40.cxd3 Bxd3 41.Rb8 a3 42.
Ra2 c2+ 43.Kd2 Rc6 44.Ra1 c1=Q+ 45.Rxc1 Rxc1 46.Kxc1 Kg7 47.Ra8 Bc4 48.Kc2
Bd5 49.Ra7 a2 50.Kb2 Bc5 51.Kc3 Bxa7 52.Kb2 Bd4+ 53.Kc2 a1=Q 54.Kd3 Qc3+ 
55.Ke2 Qe3+ 56.Kd1 Bb3# 0-1

[Event "R2N1 Figeac - Castel/Moissac 2"]
[Site "Figeac"]
[Date "2003.11.16"]
[Round "1.4"]
[White "Duhon, Marie-Pierre"]
[Black "Hégray, Charlie"]
[Result "0-1"]
[WhiteElo "1130"]
[BlackElo "1230"]
[EventDate "2003.??.??"]
[PlyCount "62"]

1.e4 d5 2.d3 Nf6 3.Nc3 c6 4.f3 e5 5.Be3 d4 6.Bd2 dxc3 7.Bxc3 Bd6 8.Qe2 Na6
9.Qe3 Qe7 10.Qg5 Be6 11.Qxg7 O-O-O 12.Qh6 Bb4 13.Qe3 Kb8 14.Ne2 Nd7 15.g3 
Nb6 16.f4 Bxc3+ 17.bxc3 Na4 18.Bg2 exf4 19.Qxf4+ Ka8 20.d4 Bc4 21.Bh3 Bxe2
22.Qf2 Nxc3 23.e5 Nb4 24.Kd2 Ne4+ 25.Kxe2 Nxf2 26.Kxf2 Rxd4 27.Rab1 Qxe5 
28.Rhe1 Rd2+ 29.Kf1 Qb5+ 30.Kg1 Qc5+ 31.Kf1 Qf2# 0-1

[Event "R2N1 Figeac - Castel/Moissac 2"]
[Site "Figeac"]
[Date "2003.11.16"]
[Round "1.3"]
[White "Rouqual, Olivier"]
[Black "Duhon, Jean-Noël"]
[Result "0-1"]
[WhiteElo "1400"]
[BlackElo "1270"]
[EventDate "2003.??.??"]
[PlyCount "162"]

1.e4 d5 2.exd5 Qxd5 3.Nc3 Qa5 4.Nf3 c6 5.d3 e5 6.Bd2 Qc7 7.Qe2 Bd6 8.d4 f6
9.Bf4 Nd7 10.O-O-O Ne7 11.dxe5 fxe5 12.Bg5 O-O 13.Bxe7 Bxe7 14.Re1 Bf6 15.
Qc4+ Kh8 16.Nd5 Qd6 17.Nc3 Re8 18.Rd1 Qe6 19.Qxe6 Rxe6 20.Bc4 Re8 21.Rhe1 
Nc5 22.Ne4 Nxe4 23.Rxe4 Bf5 24.Re2 e4 25.Nd4 Bg6 26.h3 Rad8 27.Ne6 Rxd1+ 
28.Kxd1 Bxb2 29.g4 Bc3 30.h4 Bf7 31.Rxe4 b5 32.Bb3 a5 33.Ng5 Rxe4 34.Nxe4 
Bxb3 35.cxb3 Be5 36.Ng5 Kg8 37.Ne4 Kf7 38.h5 Ke6 39.Ng5+ Kd5 40.Nxh7 Ke4 
41.Ng5+ Kf4 42.Nf7 Bd4 43.Ke2 Kxg4 44.Nd8 Kxh5 45.Nxc6 Bb6 46.a3 Kg5 47.
Kf3 Kf5 48.Ne7+ Ke6 49.Nc6 Kd6 50.Nb8 Kc7 51.Na6+ Kb7 52.Nb4 axb4 53.axb4 
Bd4 54.Ke4 Bxf2 55.Kd5 Kb6 56.Ke6 g5 57.Kf5 Be3 58.Ke4 Bc1 59.Kf5 Kc6 60.
Ke4 Bd2 61.Kf5 Kd5 62.Kg4 Kd4 63.Kf3 Kc3 64.Ke2 Bf4 65.Kf3 Kxb3 66.Ke2 
Kxb4 67.Kd3 g4 68.Ke2 g3 69.Kf1 Ka4 70.Ke2 b4 71.Kf1 g2+ 72.Ke2 g1=Q 73.
Kd3 Qe3+ 74.Kc4 b3 75.Kd5 b2 76.Kc6 Bc7 77.Kb7 Qe6 78.Kxc7 Qd5 79.Kb8 Qd7 
80.Ka8 Ka5 81.Kb8 Ka6 0-1

[Event "R2N1 Figeac - Castel/Moissac 2"]
[Site "Figeac"]
[Date "2003.11.16"]
[Round "1.2"]
[White "Brotons, André"]
[Black "Hégray, Romain"]
[Result "1/2-1/2"]
[WhiteElo "1270"]
[BlackElo "1610"]
[EventDate "2003.??.??"]
[PlyCount "131"]

1.c4 e5 2.Nc3 Bc5 3.e3 Nf6 4.Nf3 Nc6 5.Be2 O-O 6.d3 d6 7.O-O a6 8.d4 e4 9.
Ng5 Bb6 10.Ngxe4 Nxe4 11.Nxe4 Re8 12.Ng3 Qf6 13.b3 Ne7 14.Bb2 d5 15.Nh5 
Qg5 16.Nf4 dxc4 17.Bxc4 c6 18.g3 Bc7 19.Qh5 Qxh5 20.Nxh5 b5 21.Bd3 Bg4 22.
Nf4 Bf3 23.Be2 Be4 24.Bd3 Bf3 25.Be2 Be4 26.Nh3 Nf5 27.Ng5 Bd5 28.Bf3 Bxf3
29.Nxf3 Bd6 30.Rac1 Rec8 31.Rc2 a5 32.Rfc1 Ra6 33.Ne5 Ne7 34.Nd3 a4 35.
bxa4 Rxa4 36.Ne5 Ra6 37.Ba1 f6 38.Nd3 Nd5 39.e4 Ne7 40.d5 c5 41.Nxc5 Bxc5 
42.Rxc5 Rxc5 43.Rxc5 Rxa2 44.Bc3 Rc2 45.Bb4 Rxc5 46.Bxc5 Kf7 47.Bxe7 Kxe7 
48.Kf1 Kd6 49.Ke2 f5 50.exf5 Kxd5 51.Kd3 Kc5 52.Kc3 b4+ 53.Kd3 Kb5 54.Kc2 
Ka4 55.Kb2 b3 56.f4 Kb4 57.g4 Kc4 58.g5 Kd5 59.f6 gxf6 60.gxf6 Ke6 61.f7 
Kxf7 62.Kxb3 Kf6 63.Kc3 Kf5 64.Kd3 Kxf4 65.Ke2 Kg4 66.Kf2 1/2-1/2

[Event "R2N1 Figeac - Castel/Moissac 2"]
[Site "Figeac"]
[Date "2003.11.16"]
[Round "1.1"]
[White "Luis, Henri"]
[Black "Roussel, Pascal"]
[Result "1-0"]
[WhiteElo "1690"]
[BlackElo "1499"]
[EventDate "2003.??.??"]
[PlyCount "55"]

1.b4 d5 2.Bb2 Nf6 3.Nf3 Bf5 4.e3 a6 5.c4 dxc4 6.Bxc4 e6 7.Qb3 b5 8.Be2 Bd6
9.a4 Be4 10.Nc3 c6 11.axb5 O-O 12.Nxe4 Nxe4 13.bxa6 Qb6 14.Bd4 c5 15.Be5 
Nxa6 16.d3 c4 17.Qxc4 Bxb4+ 18.Kf1 Nd2+ 19.Nxd2 Bxd2 20.g3 Rfc8 21.Qg4 g6 
22.Kg2 Bc3 23.Rab1 Qd8 24.d4 f6 25.Qxe6+ Kg7 26.Bxa6 Rxa6 27.Rb7+ Kh6 28.
Qh3+ 1-0

[Event "R2N1 Albi 3 - Ramonville 2"]
[Site "?"]
[Date "2003.11.16"]
[Round "1.4"]
[White "Bouet, Arnaud"]
[Black "Peaud-Lenoel, Daniel"]
[Result "0-1"]
[WhiteElo "1140"]
[BlackElo "1050"]
[EventDate "2003.??.??"]
[PlyCount "94"]

1.c4 e5 2.Nf3 d6 3.g3 Be6 4.d3 Nd7 5.Bg5 Ngf6 6.Nc3 h6 7.Bxf6 Nxf6 8.Bg2 
c6 9.O-O Qb6 10.b3 Be7 11.e3 O-O 12.Re1 Nd7 13.Qc2 Bf6 14.Nd2 Qa5 15.d4 
Kh8 16.d5 Bg4 17.dxc6 bxc6 18.Nde4 Bf5 19.Red1 Qb4 20.Qe2 Be7 21.Qh5 Bg6 
22.Qg4 Bxe4 23.Nxe4 f5 24.Qg6 fxe4 25.Bxe4 Nf6 26.Bxc6 Rac8 27.Bd7 Nxd7 
28.Rd3 Kg8 29.e4 Rf6 30.Qg4 Nc5 31.Rf3 Rxf3 32.Qxf3 Rf8 33.Qh5 Qb6 34.Re1 
Nd3 35.Rf1 d5 36.exd5 Bc5 37.Qe2 Nxf2 38.Qxe5 Ng4+ 39.Kg2 Nxe5 40.Rxf8+ 
Kxf8 41.d6 Bxd6 42.Kh3 Qf2 43.c5 Bc7 44.c6 Nxc6 45.b4 h5 46.b5 Bd8 47.bxc6
Qf1# 0-1